• 首页
  • 本馆介绍
  • 公告通知
  • 最新文献
  • 馆藏检索
  • 电子资源
  • 读者导购
  • 参考咨询
  • 我的图书馆
  • 登录
  • 详细信息显示
  • 放入我的书架
  • 预约/预借图书
  • 作者相关作品
  • 分类相关作品
  • 丛书相关作品
  • 出版社相关作品

书目信息

  • 表格格式
  • 工作单格式
  • 卡片格式
题名:
铁路客车交一直流供电装置
    
 
作者: ;铁路客车交一直流供电装置编写组 编
分册:  
出版信息: 北京   人民交通出版社  1973
页数: 344页
开本: 20cm
丛书名:
单 册:
中图分类: U271.038
科图分类:
主题词: 铁路车辆--车辆工程
电子资源:
ISBN:
000 00745nam0 2200205 450
001 0653546938
005 20060601145559.59
010    @dCNY0.79
100    @a20060601d1973 km y0chiy0120 ea
101 0  @achi
102    @aCN@b110000
102    @aCN@b110000
200 1  @a铁路客车交一直流供电装置@Atie lu ke che jiao yi zhi liu gong dian zhuang zhi@f铁路客车交一直流供电装置编写组编@Ftie lu ke che jiao yi zhi liu gong dian zhuang zhi bian xie zu bian
210    @a北京@c人民交通出版社@d1973
215    @a344页@d20cm
606 0  @a铁路车辆@x车辆工程
690    @aU271.038@v3
711  0 @a铁路客车交一直流供电装置编写组@Atie lu ke che jiao yi zhi liu gong dian zhuang zhi bian xie zu@4编
801  0 @aCN@bPFT@c20060601
905    @a10447@dU271.038@e96
    
    铁路客车交一直流供电装置/铁路客车交一直流供电装置编写组编.-北京:人民交通出版社,1973
    344页;20cm
    
    
    ISBN :CNY0.79
    
●
相关链接 在E读中查询图书 在五车中查询图书 在当当中查询图书 在豆瓣中查询图书


正题名:铁路客车交一直流供电装置     索取号:U271.038/96         预约/预借

序号 登录号 条形码 馆藏地/架位号 状态 备注
1 0420342   204203423   密集书库/ [索取号:U271.038/96] 在馆    
唐山师范学院图书馆 欢迎您!
大连网信软件有限公司© 版权所有